| 000 | 00582cam a2200193 a 4500 | ||
|---|---|---|---|
| 001 | 000018293 | ||
| 005 | 20200929165436.0 | ||
| 008 | 741203s1972 fr 000 f fre d | ||
| 040 |
_aDO-SdBNP _bspa _cBNPHU |
||
| 042 | _apremarc | ||
| 082 |
_a843.914 _bC436c |
||
| 100 | 1 |
_aChalais, François, _d1919-1996 _939617 |
|
| 245 | 1 | 4 |
_aLes chocolats de l'entracte / _cFrançois Chalais. |
| 260 |
_aParis : _bStock, _c1972. |
||
| 300 |
_a348 p. ; _c24 cm. |
||
| 490 | 1 |
_aChoses Vecues _aLe Livre de Poche |
|
| 650 | 4 |
_aNovela francesa _91075 |
|
| 650 | 4 |
_aLiteratura francesa _ySIGLO XX _94232 |
|
| 999 |
_c17814 _d17814 |
||